Most Popular AI Tools - Statistics

General Stats
  • This quiz has been taken 21 times
  • The average score is 5 of 10
Answer Stats
Monthly Visits (Millions) Answer % Correct
5,500.00 ChatGPT
100%
805.6 Gemini
95%
219.9 Claude
65%
265.5 Grok
65%
94.5 Microsoft Copilot
60%
262 DeepSeek
40%
206.1 Perplexity AI
30%
156.5 Character.ai
10%
169.4 DeepL
10%
870.4 Canva
5%
No matching quizzes found
Score Distribution
Percent of People with Each Score
Percentile by Number Answered
Your Score History
You have not taken this quiz